| 000 | 00487cam a22001812a 4500 | ||
|---|---|---|---|
| 001 | 000112 | ||
| 003 | AR-FADEU | ||
| 008 | 311216n1973####xxu####################dd | ||
| 100 | _aVasconi, Tomás Amadeo | ||
| 710 | _areca , Inés Cristina | ||
| 245 | _aLas luchas política la universidad de Chile : 1966-72 | ||
| 260 | _bFacultad de economía política | ||
| 260 | _aSantiago de Chile | ||
| 260 | _c1973 | ||
| 650 | _aLUCHAS POLITICAS | ||
| 650 | _aUNIVERSIDAD | ||
| 942 | _cFOLLETO | ||
| 999 |
_c971 _d971 |
||